000 00652nam 22002173 4500
001 200203
021 _aPT
_b21735/88
090 _a200203
100 _a20260127d u||y0pory50 ba
200 _aVida : o mistério da sua origem e natureza
_fFrancis Crick
_gtradução Conceição Duque
205 _a
210 _aLisboa
_cGradiva
_d1988
215 _a193, [3] p.
_cil. ; brochado
_d21 cm
225 _aCiência aberta
_h23
606 _912863
_aBiologia geral e teórica
675 _a573
_vPT
_zpor
700 _916037
_aCrick
_bFrancis
_f1916-2004
702 _916038
_aDuque
_bConceição
801 _aPT
_bBMMN
_gRPC
830 _cVanda
990 _cLIVROS